000
00307 a2200157 4500
001
186575
020
_a
040
_c
Magnum
240
1
0
_a
O pé- de-chulé
_l
por
245
1
0
_a
O pé- de-chulé
300
_a
12
362
0
_a
1995
440
1
_a
Bagaço
697
_a
LITERATURA INFANTIL
942
_c
BK
999
_c
186575
_d
186575